00918nam a2200241 a 4500001001000000003000500010005001700015008004100032010001100073011001100084040000900095100002600104245014800130260004100278500006000319502009300379650003200472650003300504650002700537650002100564650002100585856007000606000111748CHAP20220329144227.0150724s2015 mx a fsm |||||||spa d a108209 a109181 cCHAP1 aMora Román, Marisol10aDiagnóstico molecular de Salmonella y Escherichia coli en campos y empaques de frutillas y horalizash[En línea]cpor Marisol Mora Román. aChapingo, Méx. :bEl autor,c2015. aPara ver el contenido del material haga clic en la liga aTesis (M.C. en Protección Vegetal) -- UACH. Departamento de Parasitología Agrícola14aAlimentosxBacteriología.14aBacteriasxIdentificación.14aInocuidad alimentaria.14aSalud pública.14aSanidad vegetal. aFinding aiduhttp://10.13.5.2/tesis/sist111748.pdfzTeclea aquí